| 000 | nam a22 7a 4500 | ||
|---|---|---|---|
| 999 |
_c28390 _d28389 |
||
| 003 | OSt | ||
| 005 | 20170522094259.0 | ||
| 008 | 170522b xxu||||| |||| 00| 0 eng d | ||
| 020 | _a9780789483560 | ||
| 040 |
_aMMU _beng _cMMU _dMMU |
||
| 050 | _aREF G 63 .W665 2002 | ||
| 245 | _aWorld Desk Reference | ||
| 260 |
_aLondon: _bDorling Kindersley Publishing, Inc.; _c2002. |
||
| 300 | _a736p.: | ||
| 500 | _aIncludes bibliographical references and index | ||
| 650 | _aWorld Desk Reference | ||
| 942 |
_2lcc _cREFERENCE |
||